Meilleurs joueurs du top 5 européen en 3 minutes - Statistiques

Statistiques générales
  • Ce quiz a été pris 450 fois
  • Le résultat moyen est 43 sur 55
Statistiques - réponses
Saison Ligue Club Pays Joueur % Correct
2022-2023 Ligue 1 PSG France Kylian Mbappé
100%
2021-2022 Ligue 1 PSG France Kylian Mbappé
100%
2020-2021 Ligue 1 PSG France Kylian Mbappé
100%
2018-2019 Ligue 1 PSG France Kylian Mbappé
100%
2017-2018 Ligue 1 PSG Brésil Neymar
96%
2021-2022 Premier League Liverpool Egypte Mohamed Salah
95%
2017-2018 Premier League Liverpool Egypte Mohamed Salah
95%
2022-2023 Premier League Manchester City Norvège Erling Haaland
94%
2020-2021 Bundesliga Borussia Dortmund Norvège Erling Haaland
94%
2018-2019 La Liga FC Barcelone Argentine Lionel Messi
94%
2017-2018 La Liga FC Barcelone Argentine Lionel Messi
94%
2016-2017 La Liga FC Barcelone Argentine Lionel Messi
94%
2014-2015 La Liga FC Barcelone Argentine Lionel Messi
94%
2012-2013 La Liga FC Barcelone Argentine Lionel Messi
94%
2020-2021 Premier League Manchester City Belgique Kevin De Bruyne
93%
2019-2020 Premier League Manchester City Belgique Kevin De Bruyne
93%
2014-2015 Bundesliga VfL Wolfsburg Belgique Kevin De Bruyne
93%
2015-2016 Ligue 1 PSG Suède Zlatan Ibrahimovic
93%
2013-2014 Ligue 1 PSG Suède Zlatan Ibrahimovic
93%
2012-2013 Ligue 1 PSG Suède Zlatan Ibrahimovic
93%
2013-2014 La Liga Real Madrid Portugal Cristiano Ronaldo
92%
2018-2019 Serie A Juventus Portugal Cristiano Ronaldo
92%
2016-2017 Ligue 1 PSG Uruguay Edinson Cavani
91%
2021-2022 La Liga Real Madrid France Karim Benzema
90%
2019-2020 La Liga Real Madrid France Karim Benzema
90%
2012-2013 Premier League Tottenham Hotspur Pays de Galles Gareth Bale
86%
2015-2016 La Liga Atlético Madrid France Antoine Griezmann
85%
2015-2016 Premier League Leicester City Algérie Riyad Mahrez
85%
2018-2019 Premier League Liverpool Pays-Bas Virgil van Dijk
85%
2013-2014 Premier League Liverpool Uruguay Luis Suarez
84%
2019-2020 Bundesliga Bayern Munich Pologne Robert Lewandowski
84%
2018-2019 Bundesliga Bayern Munich Pologne Robert Lewandowski
84%
2017-2018 Bundesliga Bayern Munich Pologne Robert Lewandowski
84%
2014-2015 Premier League Chelsea FC Belgique Eden Hazard
81%
2014-2015 Ligue 1 Olympique Lyonnais France Alexandre Lacazette
80%
2016-2017 Premier League Chelsea FC France N'Golo Kanté
79%
2022-2023 La Liga FC Barcelone Allemagne Ter Stegen
75%
2022-2023 Bundesliga Borussia Dortmund Angleterre Jude Bellingham
74%
2021-2022 Bundesliga RB Leipzig France Christopher Nkunku
71%
2020-2021 La Liga Atlético Madrid Slovénie Jan Oblak
71%
2012-2013 Bundesliga Bayern Munich France Franck Ribéry
70%
2016-2017 Bundesliga Borussia Dortmund Gabon Pierre-Emerick Aubameyang
70%
2015-2016 Bundesliga Borussia Dortmund Gabon Pierre-Emerick Aubameyang
70%
2013-2014 Bundesliga Bayern Munich Pays-Bas Arjen Robben
69%
2020-2021 Serie A Inter Milan Belgique Romelu Lukaku
69%
2021-2022 Serie A AC Milan Portugal Rafael Leao
64%
2019-2020 Serie A Juventus Argentine Paulo Dybala
54%
2013-2014 Serie A Juventus Italie Andrea Pirlo
39%
2012-2013 Serie A Juventus Italie Andrea Pirlo
39%
2016-2017 Serie A Juventus Italie Gianluigi Buffon
36%
2019-2020 Ligue1 Non Décerné Aucun Aucun
30%
2022-2023 Serie A Napoli Géorgie Khvicha Kvaratskhelia
30%
2015-2016 Serie A Juventus Italie Leonardo Bonucci
30%
2014-2015 Serie A Juventus Argentine Carlos Tevez
23%
2017-2018 Serie A Inter Milan Argentine Mauro Icardi
23%
Aucun quiz correspondant
Distribution des résultats
% des personnes avec chaque résultat
Percentile par nombre de réponses
Votre historique - résultats
Vous n’avez pas pris ce quiz